000 00702nam a2200205 i 4500
001 46740
003 ES-MaACL
005 20250824221154.0
007 t|
008 030331s1965 sp ||||1| spa d
100 1 _aConinck, A. de.
_940187
245 1 1 _a¿Hay que librarse de la Iglesia? /
_cA. de Coninck ; [lo tradujo al español E. Molina Campos].
260 _aMadrid :
_bCristiandad,
_c[1965]
300 _a174 p. ;
_c19 cm.
490 1 _aLos libros del monograma. Colección Cristianismo y hombre actual ;
_v58
700 1 _aMolina Campos, Enrique.
_981917
830 0 4 _aLos libros del monograma
_v58
_9183512
852 _aES-MaACL
_jC-27713
_bR.57065
999 _c46740
_d46740